Monster Hunter 3 Ultimate: Monsters by times they appeared as quests. - Statistics

General Stats
  • This quiz has been taken 24 times
  • The average score is 36 of 51
Answer Stats
# Times Answer % Correct
2 Ceadeus
100%
10 Great Baggi
100%
11 Great Jaggi
100%
13 Brachydios
93%
2 Dire Miralis
93%
1 Goldbeard Ceadeus
93%
9 Great Wroggi
93%
11 Pink Rathian
93%
16 Rathalos
93%
13 Rathian
93%
12 Azure Rathalos
86%
3 Jhen Mohran
86%
17 Lagiacrus
86%
2 Silver Rathalos
86%
2 Gold Rathian
79%
12 Ivory Lagiacrus
79%
12 Zinogre
79%
2 Abyssal Lagiacrus
71%
14 Agnaktor
71%
3 Alatreon
71%
8 Arzuros
71%
14 Barioth
71%
11 Lagombi
71%
12 Nargacuga
71%
15 Royal Ludroth
71%
9 Stygian Zinogre
71%
9 Crimson Qurupeco
64%
9 Glacial Agnaktor
64%
15 Gobul
64%
6 Green Nargacuga
64%
2 Hallowed Jhen Mohran
64%
14 Qurupeco
64%
14 Sand Barioth
64%
16 Volvidon
64%
12 Black Diablos
57%
6 Deviljho
57%
15 Diablos
57%
15 Duramboros
57%
18 Gigginox
57%
8 Purple Ludroth
57%
10 Rust Duramboros
57%
9 Steel Uragaan
57%
17 Uragaan
57%
16 Barroth
50%
11 Jade Barroth
50%
2 Lucent Nargacuga
50%
16 Plesioth
50%
4 Savage Deviljho
50%
12 Baleful Gigginox
43%
12 Nibelsnarf
43%
8 Green Plesioth
36%
No matching quizzes found
Score Distribution
Percent of People with Each Score
Percentile by Number Answered
Your Score History
You have not taken this quiz